| 000 | 01223cam a2200301 a 4500 | ||
|---|---|---|---|
| 001 | 14806214 | ||
| 005 | 20240818092912.0 | ||
| 008 | 070412s2008 caua b 001 0 eng | ||
| 010 | _a 2007015739 | ||
| 020 | _a0321501365 (alk. paper) | ||
| 020 | _a9780321501363 (alk. paper) | ||
| 040 |
_aDLC _cDLC _dDLC |
||
| 050 | 0 | 0 |
_aQC23.2 _b.H495 2008 |
| 082 | 0 | 0 |
_a530 _222 _bHEW |
| 100 | 1 |
_aHewitt, Paul G. _93087 |
|
| 245 | 1 | 0 |
_aConceptual physics fundamentals / _cwritten and illustrated by Paul G. Hewitt ; with contributions from Phillip R. Wolf. |
| 260 |
_aSan Francisco : _bPearson Addison Wesley, _cc2008. |
||
| 300 |
_axvii, 421 p. : _bill. (chiefly col.) ; _c28 cm. |
||
| 500 | _aIncludes bibliographical references and index. | ||
| 650 | 0 |
_aPhysics _vTextbooks. _93088 |
|
| 700 | 1 |
_aWolf, Phillip R. _93089 |
|
| 856 | 4 | 1 |
_3Table of contents only _uhttp://www.loc.gov/catdir/toc/ecip0715/2007015739.html |
| 942 |
_2ddc _cBB _hRDA-MOD |
||
| 999 |
_c11170 _d11170 |
||
| 336 |
_2rdacontent _atext _btxt |
||
| 337 |
_aunmediated _2rdamedia _bn |
||
| 338 |
_avolume _bnc _2rdacarrier |
||